Lanean...

The vital network a theory of communication and society

Xehetasun bibliografikoak
Egile nagusia: Williams, Patrick
Beste egile batzuk: Pearce, Joan Thornton
Formatua: Printed Book
Argitaratua: London: Greenwood press, 1930.
LEADER 00500nam a22001457a 4500
020 |a 0313203245 
082 |a 302.2  |b WIL/V 
100 |a Williams, Patrick 
245 |a The vital network  |b a theory of communication and society 
260 |a London:  |b Greenwood press,  |c 1930. 
300 |a 111p.: 
700 |a Pearce, Joan Thornton 
942 |2 ddc  |c BK 
999 |c 148309  |d 148309 
952 |0 0  |1 0  |4 0  |6 302_200000000000000_WIL_V  |7 0  |9 158322  |a MCJ  |b MCJ  |c ST1  |d 2011-06-25  |i 100  |l 0  |o 302.2 WIL/V  |p MCJ100  |r 2014-06-21  |w 2014-06-21  |y BK